Teoría general del proceso / (Registro nro. 29707)

Detalles MARC
000 -LEADER
fixed length control field 01536nam a2200253Ia 4500
003 - CONTROL NUMBER IDENTIFIER
control field CO-CtgCURN
005 - DATE AND TIME OF LATEST TRANSACTION
control field 20250410145945.0
008 - FIXED-LENGTH DATA ELEMENTS--GENERAL INFORMATION
fixed length control field 190723s2000 xx 000 0 spa d
020 ## - INTERNATIONAL STANDARD BOOK NUMBER
International Standard Book Number 9583503002
040 ## - CATALOGING SOURCE
Original cataloging agency CO-CtgCURN
Language of cataloging spa
Transcribing agency coctgcurn
082 ## - DEWEY DECIMAL CLASSIFICATION NUMBER
Classification number 347.05
Item number Q7
100 ## - MAIN ENTRY--PERSONAL NAME
Personal name Quintero, Beatriz
Relator term autora
9 (RLIN) 4993
245 #0 - TITLE STATEMENT
Title Teoría general del proceso /
Statement of responsibility, etc. Beatriz Quintero
250 ## - EDITION STATEMENT
Edition statement 3a.
260 ## - PUBLICATION, DISTRIBUTION, ETC.
Place of publication, distribution, etc. Bogotá, Colombia :
Name of publisher, distributor, etc. Editorial Temis,
Date of publication, distribution, etc. 2000
300 ## - PHYSICAL DESCRIPTION
Extent 599 páginas ;
Dimensions 23 centímetros
505 ## - FORMATTED CONTENTS NOTE
Formatted contents note Cap.1. Teoría general del derecho procesal - Cap.2. De la norma procesal - Cap.3. Los principios generales del derecho procesal - Cap.4. Aspecto histórico - Cap.5. La jurisdicción - Cap.6. La competencia - Cap.7. El derecho de acción - Cap.8. La pretensión - Cap.9. El proceso - Cap.10. Los presupuestos procesales - Cap.11. Los presupuestos materiales de la sentencia de fondo y las denominada excepciones mixtas - Cap.12. Intervención de terceros - Cap.13. La resistencia a la pretensión - Cap.14. Los actos jurisdiccionales - Cap.15. Cosa juzgada - Cap.16. Teoría de la acción de tutela - Cap.17. Las impugnaciones - Cap.18. Los presupuestos materiales de la sentencia de fondo y las denominadas excepciones mixtas.
521 ## - TARGET AUDIENCE NOTE
Target audience note AREA PROFESIONAL
590 ## - LOCAL NOTE (RLIN)
Local note Programa de Derecho_18
650 ## - SUBJECT ADDED ENTRY--TOPICAL TERM
Topical term or geographic name entry element Derecho procesal
9 (RLIN) 4994
942 ## - ADDED ENTRY ELEMENTS (KOHA)
Koha item type Libros
Classification part 347.05
Item part Q7
Source of classification or shelving scheme Dewey Decimal Classification
Suppress in OPAC No
Existencias
Withdrawn status Lost status Damaged status Not for loan Collection Home library Current library Shelving location Date acquired Inventory number Total checkouts Full call number Barcode Date last seen Copy number Price effective from Koha item type Date last checked out
          Miguel Henríquez Castañeda Barranquilla Miguel Henríquez Castañeda Barranquilla General 05/23/2018 02520   347.05 Q7 02520 07/23/2019 ej.1 07/23/2019 Libros  
          Miguel Henríquez Castañeda Barranquilla Miguel Henríquez Castañeda Barranquilla General 05/23/2018 02521 1 347.05 Q7 02521 02/03/2025 ej.2 07/23/2019 Libros 02/03/2025